| 000 | 00372 a2200157 4500 | ||
|---|---|---|---|
| 001 | 50540 | ||
| 020 | _a8532200478 | ||
| 040 | _cAnchieta - Bela Vista | ||
| 100 | _aNicolelis, Giselda Laporta | ||
| 240 | 1 | 0 |
_aA menina que queria ser bruxa _lpor |
| 245 | 1 | 0 | _aA menina que queria ser bruxa |
| 300 | _a16 | ||
| 362 | 0 | _a1997 | |
| 650 | 4 | _aLiteratura juvenil | |
| 942 | _cBK | ||
| 999 |
_c50540 _d50540 |
||